Elementos Mais Comuns no Corpo Humano - Statistics

Estatísticas Gerais
  • Esse quiz foi jogado 5 349 vezes
  • A pontuação média é 8 de 12
Estatísticas das Respostas
Proporção Elemento % Correto
65% Oxigênio
95%
18% Carbono
82%
10% Hidrogênio
82%
0.006% Ferro
77%
1.4% Cálcio
70%
3% Nitrogênio
70%
0.25% Potássio
58%
0.15% Sódio
57%
1.1% Fósforo
46%
0.05% Magnésio
44%
0.15% Cloro
36%
0.25% Enxofre
36%
Nenhum quiz correspondente encontrado
Distribuição das Pontuações
Porcentagem de Pessoas com Cada Pontuação
Percentil de Números Respondidos
Sua Pontuação Histórica
Você não jogou esse quiz